France’s first national falls prevention day for older people (notice n° 1844093)

détails MARC
000 -LEADER
fixed length control field 03180cam a2200649 4500500
005 - DATE AND TIME OF LATEST TRANSACTION
control field 20260329005518.0
041 ## - LANGUAGE CODE
Language code of text/sound track or separate title fre
042 ## - AUTHENTICATION CODE
Authentication code dc
100 10 - MAIN ENTRY--PERSONAL NAME
Personal name Blain, Hubert
Relator term author
245 00 - TITLE STATEMENT
Title France’s first national falls prevention day for older people
260 ## - PUBLICATION, DISTRIBUTION, ETC.
Date of publication, distribution, etc. 2025.<br/>
500 ## - GENERAL NOTE
General note 39
520 ## - SUMMARY, ETC.
Summary, etc. France’s first national falls prevention day for older people took place in Montpellier on October 1, 2024. This event highlighted older people’s interest in: i) public conferences providing information on fall risk factors and general preventive measures, and ii) workshops offered throughout the city, providing individual fall risk assessments and personalized advice based on identified risk levels and factors. It also highlighted the interest of health care professionals and training institutes in: i) information on the roles of various field actors in the care pathway for older people at a moderate or high risk of falls; and ii) new organizational models and technologies developed to implement national and international recommendations on falls prevention. Finally, the event also supports the French National Academy of Medicine and regional health agencies in organizing an annual national falls prevention day in France.
700 10 - ADDED ENTRY--PERSONAL NAME
Personal name Tran, Patrice
Relator term author
700 10 - ADDED ENTRY--PERSONAL NAME
Personal name Michel, Jean-Pierre
Relator term author
700 10 - ADDED ENTRY--PERSONAL NAME
Personal name Bernard, Pierre-Louis
Relator term author
700 10 - ADDED ENTRY--PERSONAL NAME
Personal name Berrut, Gilles
Relator term author
700 10 - ADDED ENTRY--PERSONAL NAME
Personal name Salles, Nathalie
Relator term author
700 10 - ADDED ENTRY--PERSONAL NAME
Personal name d’Avrincourt, Marie-Christine
Relator term author
700 10 - ADDED ENTRY--PERSONAL NAME
Personal name Michon, Eric
Relator term author
700 10 - ADDED ENTRY--PERSONAL NAME
Personal name Pardell, M.
Relator term author
700 10 - ADDED ENTRY--PERSONAL NAME
Personal name Weber, P.
Relator term author
700 10 - ADDED ENTRY--PERSONAL NAME
Personal name Bayol, Sébastien
Relator term author
700 10 - ADDED ENTRY--PERSONAL NAME
Personal name Bouget, Catherine
Relator term author
700 10 - ADDED ENTRY--PERSONAL NAME
Personal name Coste, Olivier
Relator term author
700 10 - ADDED ENTRY--PERSONAL NAME
Personal name Gérard, Stéphane
Relator term author
700 10 - ADDED ENTRY--PERSONAL NAME
Personal name Lesenne, Cyrille
Relator term author
700 10 - ADDED ENTRY--PERSONAL NAME
Personal name Ninot, Grégory
Relator term author
700 10 - ADDED ENTRY--PERSONAL NAME
Personal name Paccard, Delphine
Relator term author
700 10 - ADDED ENTRY--PERSONAL NAME
Personal name Puisieux, François
Relator term author
700 10 - ADDED ENTRY--PERSONAL NAME
Personal name Ségu, Alain
Relator term author
700 10 - ADDED ENTRY--PERSONAL NAME
Personal name Tallon, Guillaume
Relator term author
700 10 - ADDED ENTRY--PERSONAL NAME
Personal name Vigouroux, Cyril
Relator term author
700 10 - ADDED ENTRY--PERSONAL NAME
Personal name Abdellaoui, A
Relator term author
700 10 - ADDED ENTRY--PERSONAL NAME
Personal name Annweiler, Cédric
Relator term author
700 10 - ADDED ENTRY--PERSONAL NAME
Personal name Autard, Thierry
Relator term author
700 10 - ADDED ENTRY--PERSONAL NAME
Personal name Bedbrook, Anna
Relator term author
700 10 - ADDED ENTRY--PERSONAL NAME
Personal name Bracco, L
Relator term author
700 10 - ADDED ENTRY--PERSONAL NAME
Personal name Bretton, F
Relator term author
700 10 - ADDED ENTRY--PERSONAL NAME
Personal name Cosme, B
Relator term author
700 10 - ADDED ENTRY--PERSONAL NAME
Personal name Czarlewski, Wencyslawa
Relator term author
700 10 - ADDED ENTRY--PERSONAL NAME
Personal name de Vries, Govert
Relator term author
700 10 - ADDED ENTRY--PERSONAL NAME
Personal name Nouvel, Fabrice
Relator term author
700 10 - ADDED ENTRY--PERSONAL NAME
Personal name Puyjarinet, F
Relator term author
700 10 - ADDED ENTRY--PERSONAL NAME
Personal name Robiaud, JB
Relator term author
700 10 - ADDED ENTRY--PERSONAL NAME
Personal name van Eeerd, Michel
Relator term author
700 10 - ADDED ENTRY--PERSONAL NAME
Personal name Voisin, C
Relator term author
700 10 - ADDED ENTRY--PERSONAL NAME
Personal name Vallat, Audrey
Relator term author
700 10 - ADDED ENTRY--PERSONAL NAME
Personal name Villars, H
Relator term author
700 10 - ADDED ENTRY--PERSONAL NAME
Personal name Rolland, Yves
Relator term author
700 10 - ADDED ENTRY--PERSONAL NAME
Personal name Bonin-Guillaume, Sylvie
Relator term author
700 10 - ADDED ENTRY--PERSONAL NAME
Personal name Montero-Odasso, Manuel
Relator term author
700 10 - ADDED ENTRY--PERSONAL NAME
Personal name Van der Velde, Nathalie
Relator term author
700 10 - ADDED ENTRY--PERSONAL NAME
Personal name Bousquet, Jean
Relator term author
786 0# - DATA SOURCE ENTRY
Note Gériatrie et Psychologie Neuropsychiatrie du Vieillissement | 23 | 1 | 2025-04-15 | p. 9-23 | 2115-8789
856 41 - ELECTRONIC LOCATION AND ACCESS
Uniform Resource Identifier <a href="https://stm.cairn.info/journal-geriatrie-et-psychologie-neuropsychiatrie-du-vieillissement-2025-1-page-9?lang=en&redirect-ssocas=7080">https://stm.cairn.info/journal-geriatrie-et-psychologie-neuropsychiatrie-du-vieillissement-2025-1-page-9?lang=en&redirect-ssocas=7080</a>

Pas d'exemplaire disponible.

PLUDOC

PLUDOC est la plateforme unique et centralisée de gestion des bibliothèques physiques et numériques de Guinée administré par le CEDUST. Elle est la plus grande base de données de ressources documentaires pour les Étudiants, Enseignants chercheurs et Chercheurs de Guinée.

Adresse

627 919 101/664 919 101

25 boulevard du commerce
Kaloum, Conakry, Guinée

Réseaux sociaux

Powered by Netsen Group @ 2025